|
|
|
|
| LEADER |
00000nam0a2200000 4500 |
| 001 |
86070 |
| 005 |
20231101213445.0 |
| 035 |
|
|
|a (RuTPU)RU\TPU\book\92452
|
| 090 |
|
|
|a 86070
|
| 100 |
|
|
|a 20051122d1952 km y0rusy50 ca
|
| 101 |
0 |
|
|a rus
|
| 102 |
|
|
|a RU
|
| 105 |
|
|
|a a z 001zy
|
| 200 |
1 |
|
|a Атлас спектральных линий для кварцевого спектрографа
|f С. К. Калинин [и др.]
|
| 210 |
|
|
|a Москва
|c Гостехиздат
|d 1952
|a Ленинград
|
| 215 |
|
|
|a 80 с.
|c 32 отд. л. илл.
|
| 320 |
|
|
|a Библиогр.: с. 71-79
|
| 606 |
1 |
|
|a Спектральные линии
|x (аналитическая химия)
|2 stltpush
|3 (RuTPU)RU\TPU\subj\73674
|9 86540
|
| 610 |
1 |
|
|a химия
|
| 610 |
1 |
|
|a атласы
|
| 610 |
1 |
|
|a спектрографы
|
| 610 |
1 |
|
|a кварцевые спектрографы
|
| 675 |
|
|
|a 543.42
|v 3
|
| 701 |
|
1 |
|a Калинин
|b С. К.
|
| 701 |
|
1 |
|a Явнель
|b А. А.
|
| 701 |
|
1 |
|a Алексеева
|b А. И.
|
| 701 |
|
1 |
|a Наймарк
|b Л. Э.
|
| 702 |
|
1 |
|a Русанов
|b А. К.
|4 340
|
| 801 |
|
1 |
|a RU
|b 63413507
|c 20051122
|g PSBO
|
| 801 |
|
2 |
|a RU
|b 63413507
|c 20180219
|g PSBO
|
| 942 |
|
|
|c BK
|